Responses for Show #373 - Wednesday, February 12, 1986

Dan Green game 2.

Contestants

[<< previous game]

Nancy Brough, a speech pathologist from Santa Monica, California

Neil Jensen, a sales manager originally from Chicago, Illinois

Dan Green, a teacher from Las Vegas, Nevada (whose 1-day cash winnings total $9,700)

[next game >>]

Jeopardy! Round responses

EUROPE
GOLF
THE LAW
MEDICAL FOLKLORE
NEWSPAPERS
FIRSTS
    $100 4
Greece

Neil
    $100 10
Scotland

Neil
    $100 3
a judge

Nancy
    $100 17
(Neil: What is the left side?)

the right side

DanNeil
    $100 21
the cost of printing newspapers

Dan
    $100 1
a wedding ring

Dan
    $200 5
Switzerland

Dan
    $200 11
(Nancy: What is teeing off?)

putting

NeilNancy
    $200 15
barristers

Nancy
    $200 23
(Nancy: What is charcoal?)

coal

DanNancy
    $200 27
China

Dan
    $200 2
a parachute

Neil
    $300 7
England

Dan
    $300 12
a vulcanized rubber compound

Triple Stumper
    $300 19
a lawyers firm (a law firm)

Dan
    $300 24
(Alex: We've got less than a minute to go in the round.)

bears

Nancy
    $300 28
North America

Neil
    $300 6
a subway, the Underground

Nancy
    $400 8
Russia

Dan
    $400 13
Bobby Jones

Neil
    $400 20
(Nancy: What is collateral?)

a lien

NeilNancy
    $400 25
the evil eye

Nancy
    $400 29
the Los Angeles Times

Neil
    $400 9
paper separations (perforations)

Neil
    $500 16
(Nancy: What is East Germany?)

Czechoslovakia

Nancy
    $500 14
(Neil: What is jousting?)

archery

Neil
Triple Stumper
    $500 22
a brief

Neil
    $500 26
(Nancy: What is retaining urine?)
...
(Alex: Nancy, you were close. It's just the opposite. What is [*]?)

bedwetting

Nancy
Triple Stumper
    $500 18
Father's Day

Neil

Scores at the first commercial break (after clue 14):

Dan Neil Nancy
$1,000 $900 $200

Scores at the end of the Jeopardy! Round:

Dan Neil Nancy
$1,900 $2,900 -$500

Double Jeopardy! Round responses

1981
NUTRITION
MUSIC ON THE MAP
U.S. GOVERNMENT
TECHNOLOGY
"LAST"
    $200 5
Rubik's Cube

Nancy
    $200 1
cavities

Dan
    $200 16
Havana

Dan
    $200 23
the Speaker of the House

Dan
    $200 17
male

Nancy
    $200 11
(Nancy: What is "laughs best"?)

"laughs last"

NeilNancy
    $400 7
a Pulitzer Prize

Dan
    $400 2
milk

Nancy
    $400 21
(Nancy: What is France?)

Portugal

Nancy
Triple Stumper
    $400 24
(Dan: [*].)
(Alex: Phrasing.)
(Dan: What is [*]?)

the defense

Dan
    $400 18
the 1950s

Dan
    $400 12
The Last of the Mohicans

Dan
    $600 8
Jeane Kirkpatrick

Nancy
    $600 3
proteins

Dan
    $600 22
(Neil: What is the Pittsburgh Stomp?)

"The Bristol Stomp"

DanNeil
    $600 25
(Neil: What is the Congress?)
(Alex: No. More specific.)
(Neil: What is the United States Senate?)

the House of Representatives

NeilNancy
    $600 19
(Nancy: What are stoves?)
...
(Alex: They were [*]. We don't have to wonder why they didn't succeed.)

cars

Nancy
Triple Stumper
    $600 13
The Last of the Red Hot Lovers

Triple Stumper
    $800 9
one trillion dollars

Dan
    $1,000 4
vitamin A (vitamin D or niacin)

Dan
    $800 26
[NOTE: Nancy Sinatra & Lee Hazlewood.]

Jackson

Triple Stumper
    $800 28
(Neil: [*].)
(Alex: Phrasing.)
(Neil: Who was the, who was [*]?)

Secretary of State

Neil
    $800 20
spokes

Neil
    $800 14
a last-ditch

Nancy
    $1000 10
(Neil: What is $1,500?)
(Nancy: What is $2,000?)

$1,000

NeilNancy
Triple Stumper
    $1000 6
vitamin E

Dan
    $1000 27
"North To Alaska"

Dan
    $1,000 15
[Alex begins reading the clue.]
(Alex: "Unfortunately"...all right! We'll play the music first.)
...
(Nancy: What is "The Last Love Affair"?)

"The Last Farewell"

Nancy

Scores at the end of the Double Jeopardy! Round:

Dan Neil Nancy
$9,100 $2,500 -$900
(lock game)

[wagering suggestions for these scores]

Final Jeopardy! Round responses

THE OSCARS
(Alex: The film was Johnny Belinda.)
[ERRATUM: She won her Best Actress award March 24, 1949.]
NeilWho is Jane Wyman
$2,499
DanWho is ?
$0
Jane Wyman

Final scores:

Dan Neil Nancy
$9,100 $4,999 -$900
2-day champion: $18,800 2nd place: 6-piece Broyhill bedroom + Bates bedspread 3rd place: Spring Crest drapery

Game dynamics:

Coryat scores:

Dan Neil Nancy
$8,900 $2,500 $600
22 R
(including 1 DD),
0 W
14 R,
5 W
11 R,
10 W
(including 2 DDs)

Combined Coryat: $12,000

[game clues] [game scores] [suggest correction]

Game tape date: 1985-10-01
The J! Archive is created by fans, for fans. Scraping, republication, monetization, and malicious use prohibited; this site may use cookies and collect identifying information. See terms. The Jeopardy! game show and all elements thereof, including but not limited to copyright and trademark thereto, are the property of Jeopardy Productions, Inc. and are protected under law. This website is not affiliated with, sponsored by, or operated by Jeopardy Productions, Inc. Join the discussion at JBoard.tv.